| 000 | 00980cam a22002895a 4500 | ||
|---|---|---|---|
| 003 | EG-ScBUE | ||
| 005 | 20221031121726.0 | ||
| 008 | 100323s2009 vraae f 00010 eeng d | ||
| 020 | _a9781864703429 | ||
| 040 |
_aEG-ScBUE _beng _erda _cEG-ScBUE _dEG-ScBUE |
||
| 082 | 0 | 4 |
_a721 _bDET _222 |
| 245 | 0 | 0 |
_aDetails in architecture : _bcreative detailing by leading architects / _cedited by Andrew Hall. |
| 264 | 1 |
_aMulgrave, Victoria : _bImages Publishing, _c2009. |
|
| 300 |
_a311 pages : _bcolor illustrations, plans ; _c25 cm |
||
| 336 |
_2rdacontent _atext _btxt |
||
| 337 |
_2rdamedia _aunmediated _bn |
||
| 338 |
_2rdacarrier _avolume _bnc |
||
| 500 | _aIncludes index. | ||
| 590 | _adoaa mohamed | ||
| 650 | 7 |
_911572 _aArchitectural design. _2BUEsh |
|
| 650 | 7 |
_913030 _aDecoration and ornament, Architectural. _2BUEsh |
|
| 651 | _2BUEsh | ||
| 653 |
_bENGARC _cAugust2015 |
||
| 655 | _vReading book | ||
| 700 | 1 |
_aHall, Andrew, _eeditor. _913026 |
|
| 942 |
_cBB _2ddc _k721 DET |
||
| 999 |
_c13756 _d13756 |
||